| 000 | 00485nam a2200181Ia 4500 | ||
|---|---|---|---|
| 003 | OSt | ||
| 005 | 20260119155928.0 | ||
| 008 | 210210b1949 xxu||||| |||| 00| 0 eng d | ||
| 040 | _cAL | ||
| 041 | _akan | ||
| 082 | _a859/249 | ||
| 100 |
_aISHVARA RAV (A B) _9148525 _dಈಶ್ವರನ್ (ಎ ಬಿ) |
||
| 245 |
_aSaviganasu: _bಸವಿಗನಸು |
||
| 260 |
_aBengaluru _bH N Rao Brothers _c1949 |
||
| 690 |
_aKannada Fiction _9148526 |
||
| 906 | _a021122 | ||
| 942 |
_2ddc _cBK |
||
| 999 |
_c145184 _d145184 |
||